| 000 | 00684nam a2200217 a 4500 | ||
|---|---|---|---|
| 001 | 13061 | ||
| 003 | BD-JhCC | ||
| 005 | 20230617114659.0 | ||
| 008 | 230616b19912019bg |||| ||a| 001 0 ben d | ||
| 020 | _a9847015602413 | ||
| 035 | _a(BD-JhCC)13061 | ||
| 040 |
_aBD-JhCC _dBD-JhCC |
||
| 041 | _aBengali | ||
| 082 |
_bISL 2019 _a181.07 |
||
| 100 | _aইসলাম, ড. আমিনুল | ||
| 245 |
_aমুসলিম দর্শন ও সংস্কৃতি / _cড. আমিনুল ইসলাম। |
||
| 260 |
_aঢাকা: _bমাওলা ব্রাদার্স; _c2019. |
||
| 300 |
_a368 p. : _c22 cm. |
||
| 650 | _aIslamic philosophy | ||
| 942 |
_2ddc _cBK |
||
| 999 |
_c13061 _d13061 |
||